| 000 | 00849nam a22002297a 4500 | ||
|---|---|---|---|
| 999 |
_c1660 _d1660 |
||
| 003 | AR-CdUCM | ||
| 008 | 190227b ||||| |||| 00| 0 spa d | ||
| 040 |
_aMUNICIPALIDAD PROVINCIAL DEL CUSCO _cBIBLIOTECA MUNICIPAL DEL CUSCO |
||
| 082 |
_a869.56 / _bL95 |
||
| 100 |
_aLuchting, Wolfgang A. _96175 |
||
| 245 | _aJulio Ramón Ribeyro y sus Dobles / | ||
| 260 |
_aPerú : _bJurídica S. A. ; _c1971. |
||
| 300 |
_a247 páginas _c17cm |
||
| 440 |
_aAño del Sesquicentenario de la Independencia Nacional _n2 _96176 |
||
| 505 | _aEl yo y sus dobles -- Mario Vargas Llosa y Julio Ramón Ribeyro -- Sobre algunas técnicas narrativas de J.R. Ribeyro | ||
| 650 |
_aTécnicas _9975 |
||
| 650 |
_aNarrativas _9976 |
||
| 650 |
_aReflexiones _93812 |
||
| 710 |
_aInstituto Nacional de Cultura _99 |
||
| 942 |
_2ddc _cLIBROS |
||
| 945 |
_anom _d2019-02-27 |
||